[Event "EYCC 2017"]
[Site "Mamaia"]
[Date "2017.09.11"]
[Round "6"]
[White "Guillo Longares, Cecilia"]
[Black "Jarocka, Liwia"]
[Result "1-0"]
[WhiteElo "1810"]
[BlackElo "1970"]
[Annotator "NA RC"]
[PlyCount "157"]
[EventDate "2017.??.??"]
[EventType "swiss"]
[EventCountry "ROU"]
[SourceTitle "playchess.com"]
[Source "ChessBase"]
[SourceQuality "1"]
[TimeControl "40/5400+30:1800+30"]

1. d4 {[%emt 0:00:00]} Nf6 {[%emt 0:00:07]} 2. c4 {[%emt 0:00:00]} e6 {[%emt 0:00:09]} 3. Nf3 {[%emt 0:00:00]} Bb4+ {[%emt 0:00:31]} 4. Bd2 {[%emt 0:00:42]} Qe7 {[%emt 0:00:44]} 5. a3 {[%emt 0:01:31]} Bxd2+ {[%emt 0:00:27]} 6. Nbxd2 {[%emt 0:00:20]} d5 {[%emt 0:01:13]} 7. e3 {[%emt 0:00:33]} b6 {[%emt 0:01:43]} 8. Bd3 {[%emt 0:04:10]} Bb7 {[%emt 0:00:38]} 9. b4 {[%emt 0:01:19]} dxc4 {[%emt 0:05:25]} 10. Nxc4 {[%emt 0:04:47]} Nbd7 {[%emt 0:00:18]} 11. Rc1 {[%emt 0:01:54]} O-O {[%emt 0:01:48]} 12. O-O {[%emt 0:00:07]} c5 {[%emt 0:03:02]} 13. dxc5 {[%emt 0:06:11]} bxc5 {[%emt 0:00:17]} 14. b5 {[%emt 0:00:57]} Rfd8 {[%emt 0:01:42]} 15. Qe2 {[%emt 0:01:25]} Nb6 {[%emt 0:10:25]} 16. Nfe5 {[%emt 0:03:14]} Nxc4 {[%emt 0:07:06]} 17. Nxc4 {[%emt 0:03:40]} Qd7 {[%emt 0:07:39]} 18. Rfd1 {[%emt 0:09:24]} Qxb5 {[%emt 0:05:48]} 19. Nd6 {[%emt 0:00:27]} Qc6 {[%emt 0:00:16]} 20. Nxb7 {[%emt 0:02:11]} Qxb7 {[%emt 0:00:05]} 21. Rxc5 {[%emt 0:05:25]} Qb3 {[%emt 0:01:01]} 22. Ra5 {[%emt 0:02:57]} Rd7 {[%emt 0:06:37]} 23. Qc2 {[%emt 0:11:18]} Qxc2 {[%emt 0:03:11]} 24. Bxc2 {[%emt 0:00:07]} Rc7 {[%emt 0:01:52]} 25. Bd3 {[%emt 0:09:02]} Kf8 {[%emt 0:00:52]} 26. Kf1 {[%emt 0:00:24]} Rb8 {[%emt 0:01:14]} 27. Rb5 {[%emt 0:03:45]} Rxb5 {[%emt 0:02:36]} 28. Bxb5 {[%emt 0:00:37]} Ke7 {[%emt 0:01:31]} 29. Rd4 {[%emt 0:03:06]} Nd5 {[%emt 0:15:17]} 30. Bc4 {[%emt 0:11:01]} Nb6 {[%emt 0:01:34]} 31. Bb5 {[%emt 0:00:32]} Nd5 {[%emt 0:06:20]} 32. Bc4 {[%emt 0:00:06]} Nb6 {[%emt 0:00:37]} 33. Bb5 {[%emt 0:00:06]} Rc2 {[%emt 0:00:40]} 34. Ke1 {[%emt 0:03:15]} h6 {[%emt 0:01:05]} 35. Rd2 {[%emt 0:01:30]} Rc1+ {[%emt 0:02:06]} 36. Rd1 {[%emt 0:02:38]} Rc5 {[%emt 0:04:54]} 37. a4 {[%emt 0:03:19]} Rc7 {[%emt 0:00:21]} 38. Kd2 {[%emt 0:02:58]} Nd5 {[%emt 0:00:46]} 39. Rc1 {[%emt 0:01:49]} Rxc1 {[%emt 0:00:08]} 40. Kxc1 {[%emt 0:00:00]} Kd6 {[%emt 0:00:23]} 41. Kc2 {[%emt 0:00:19]} Nc7 {[%emt 0:02:23]} 42. Kb3 {[%emt 0:00:19]} a6 {[%emt 0:00:24]} 43. Bd3 {[%emt 0:00:47]} Kc5 {[%emt 0:08:08]} 44. Be2 {[%emt 0:02:10]} a5 {[%emt 0:00:34]} 45. Bd3 {[%emt 0:04:23]} e5 {[%emt 0:00:29]} 46. h3 {[%emt 0:04:37]} Ne8 {[%emt 0:02:54]} 47. Kc3 {[%emt 0:02:10]} Nd6 {[%emt 0:00:30]} 48. Bc2 {[%emt 0:02:55]} f5 {[%emt 0:00:29]} 49. Bd3 {[%emt 0:00:56]} f4 {[%emt 0:00:37]} 50. exf4 {[%emt 0:00:33]} exf4 {[%emt 0:00:05]} 51. Bc2 {[%emt 0:00:35]} Nc8 {[%emt 0:01:43]} 52. Bd1 {[%emt 0:01:54]} Nb6 {[%emt 0:00:40]} 53. Bb3 {[%emt 0:02:17]} Nc8 {[%emt 0:03:51]} 54. Bd1 {[%emt 0:00:34]} Nd6 {[%emt 0:00:26]} 55. Bc2 {[%emt 0:00:44]} Kd5 {[%emt 0:00:31]} 56. Bb3+ {[%emt 0:01:05]} Ke5 {[%emt 0:00:13]} 57. Bc2 {[%emt 0:04:36]} g5 {[%emt 0:00:32]} 58. Bd3 {[%emt 0:03:31]} h5 {[%emt 0:02:37]} 59. Be2 {[%emt 0:00:26]} h4 {[%emt 0:11:18]} 60. Bf3 {[%emt 0:01:17]} Ne4+ {[%emt 0:00:22]} 61. Kc4 {[%emt 0:00:07]} Nxf2 {[%emt 0:00:50]} 62. Kb5 {[%emt 0:00:03]} Kd4 {[%emt 0:01:08]} 63. Kxa5 {[%emt 0:00:15]} Kc5 {[%emt 0:02:32]} 64. Ka6 {[%emt 0:00:30]} Nd3 {[%emt 0:00:12]} 65. a5 {[%emt 0:01:05]} Ne5 {[%emt 0:03:05]} 66. Kb7 {[%emt 0:05:28]} Nxf3 {[%emt 0:00:04]} 67. a6 {[%emt 0:00:05]} g4 {[%emt 0:00:12]} 68. a7 {[%emt 0:00:10]} gxh3 {[%emt 0:00:19]} 69. gxh3 {[%emt 0:00:29]} Kd4 {[%emt 0:00:06]} 70. a8=Q {[%emt 0:00:11]} Nd2 {[%emt 0:00:21]} 71. Qd8+ {[%emt 0:00:20]} Ke3 {[%emt 0:00:08]} 72. Qxh4 {[%emt 0:00:07]} f3 {[%emt 0:00:04]} 73. Qe1+ {[%emt 0:01:01]} Kd3 {[%emt 0:00:12]} 74. h4 {[%emt 0:00:25]} Ne4 {[%emt 0:00:06]} 75. h5 {[%emt 0:00:25]} f2 {[%emt 0:00:35]} 76. Qxf2 {[%emt 0:00:10]} Nxf2 {[%emt 0:00:04]} 77. h6 {[%emt 0:00:04]} Ne4 {[%emt 0:00:05]} 78. h7 {[%emt 0:00:19]} Nf6 {[%emt 0:00:03]} 79. h8=Q {[%emt 0:00:10]} 1-0

[Event "EYCC 2017"]
[Site "Mamaia"]
[Date "2017.09.11"]
[Round "6"]
[White "Koubova, Anna Marie"]
[Black "Eizaguerri Floris, Maria"]
[Result "0-1"]
[WhiteElo "1805"]
[BlackElo "2098"]
[Annotator "NA"]
[PlyCount "72"]
[EventDate "2017.??.??"]
[EventType "swiss"]
[EventCountry "ROU"]
[SourceTitle "playchess.com"]
[Source "ChessBase"]
[SourceQuality "1"]
[TimeControl "40/5400+30:1800+30"]

1. d4 {[%emt 0:00:00]} d5 {[%emt 0:00:09]} 2. Nf3 {[%emt 0:00:00]} Nf6 {[%emt 0:00:07]} 3. g3 {[%emt 0:00:00]} Bf5 {[%emt 0:00:56]} 4. c4 {[%emt 0:00:24]} c6 {[%emt 0:00:32]} 5. Nc3 {[%emt 0:00:15]} e6 {[%emt 0:00:36]} 6. Nh4 {[%emt 0:00:40]} Be4 {[%emt 0:00:26]} 7. f3 {[%emt 0:03:57]} Bg6 {[%emt 0:00:46]} 8. Qb3 {[%emt 0:00:17]} Qb6 {[%emt 0:00:14]} 9. Nxg6 {[%emt 0:00:13]} hxg6 {[%emt 0:00:05]} 10. c5 {[%emt 0:00:07]} Qc7 {[%emt 0:00:41]} 11. Bf4 {[%emt 0:06:54]} Qc8 {[%emt 0:01:07]} 12. Bg2 {[%emt 0:05:08]} Nbd7 {[%emt 0:05:41]} 13. O-O {[%emt 0:03:11]} e5 {[%emt 0:05:16]} 14. dxe5 {[%emt 0:01:21]} Bxc5+ {[%emt 0:00:27]} 15. e3 {[%emt 0:00:15]} Nh5 {[%emt 0:04:57]} 16. Rfe1 {[%emt 0:02:40]} Nxf4 {[%emt 0:10:51]} 17. gxf4 {[%emt 0:00:06]} Nb6 {[%emt 0:06:07]} 18. Rac1 {[%emt 0:01:44]} Qd8 {[%emt 0:04:02]} 19. Ne2 {[%emt 0:10:58]} Qh4 {[%emt 0:09:08]} 20. h3 {[%emt 0:04:38]} Nc4 {[%emt 0:03:01]} 21. Qxb7 {[%emt 0:03:02]} Bxe3+ {[%emt 0:00:45]} 22. Kh1 {[%emt 0:00:31]} O-O {[%emt 0:00:53]} 23. Rb1 {[%emt 0:05:56]} Nd2 {[%emt 0:03:48]} 24. Qxc6 {[%emt 0:03:58]} Nxb1 {[%emt 0:06:33]} 25. Rxb1 {[%emt 0:00:13]} d4 {[%emt 0:02:04]} 26. Qe4 {[%emt 0:03:16]} Rfd8 {[%emt 0:05:08]} 27. f5 {[%emt 0:05:24]} Qxe4 {[%emt 0:05:18]} 28. fxe4 {[%emt 0:00:12]} Rac8 {[%emt 0:00:17]} 29. Bf3 {[%emt 0:02:15]} Rc2 {[%emt 0:02:36]} 30. Bg4 {[%emt 0:06:20]} d3 {[%emt 0:03:40]} 31. Nc3 {[%emt 0:01:31]} Rb8 {[%emt 0:02:30]} 32. Nd5 {[%emt 0:02:08]} Bg5 {[%emt 0:04:49]} 33. e6 {[%emt 0:02:34]} fxe6 {[%emt 0:01:55]} 34. fxe6 {[%emt 0:00:07]} Rbxb2 {[%emt 0:02:11]} 35. Rxb2 {[%emt 0:00:52]} Rxb2 {[%emt 0:00:06]} 36. e7 {[%emt 0:00:07]} Kf7 {[%emt 0:01:21]} 0-1

[Event "EYCC 2017"]
[Site "Mamaia"]
[Date "2017.09.11"]
[Round "6"]
[White "Toncheva, Nadya"]
[Black "Allahverdiyeva, Ayan"]
[Result "0-1"]
[WhiteElo "1802"]
[BlackElo "2042"]
[Annotator "NA"]
[PlyCount "58"]
[EventDate "2017.??.??"]
[EventType "swiss"]
[EventCountry "ROU"]
[SourceTitle "playchess.com"]
[Source "ChessBase"]
[SourceQuality "1"]
[TimeControl "40/5400+30:1800+30"]

1. d4 {[%emt 0:00:00]} e6 {[%emt 0:00:14]} 2. c4 {[%emt 0:00:00]} Nf6 {[%emt 0:00:04]} 3. Nc3 {[%emt 0:00:00]} c5 {[%emt 0:00:14]} 4. d5 {[%emt 0:01:03]} exd5 {[%emt 0:03:21]} 5. cxd5 {[%emt 0:00:06]} d6 {[%emt 0:00:05]} 6. e4 {[%emt 0:00:03]} g6 {[%emt 0:00:25]} 7. f4 {[%emt 0:00:12]} Bg7 {[%emt 0:00:37]} 8. Bb5+ {[%emt 0:00:21]} Nfd7 {[%emt 0:01:41]} 9. a4 {[%emt 0:03:32]} O-O {[%emt 0:01:08]} 10. Nf3 {[%emt 0:01:17]} Na6 {[%emt 0:04:11]} 11. O-O {[%emt 0:02:55]} Nc7 {[%emt 0:00:13]} 12. Bxd7 {[%emt 0:20:33]} Bxd7 {[%emt 0:01:08]} 13. e5 {[%emt 0:00:04]} Bg4 {[%emt 0:02:19]} 14. exd6 {[%emt 0:23:06]} Qxd6 {[%emt 0:00:07]} 15. h3 {[%emt 0:14:31]} Bd4+ {[%emt 0:03:53]} 16. Kh1 {[%emt 0:01:07]} Bxf3 {[%emt 0:00:17]} 17. Rxf3 Rfe8 {[%emt 0:05:57]} 18. Ne2 {[%emt 0:03:46]} Bf6 {[%emt 0:17:10]} 19. Raa3 {[%emt 0:12:45]} c4 {[%emt 0:03:45]} 20. Nc3 {[%emt 0:01:25]} Rad8 {[%emt 0:02:47]} 21. Be3 {[%emt 0:09:48]} Nxd5 {[%emt 0:17:57]} 22. Bxa7 {[%emt 0:03:00]} Bxc3 {[%emt 0:01:43]} 23. Raxc3 {[%emt 0:01:05]} Nxc3 {[%emt 0:00:07]} 24. Qxd6 {[%emt 0:00:09]} Rxd6 {[%emt 0:00:04]} 25. bxc3 {[%emt 0:00:54]} Rd3 {[%emt 0:00:33]} 26. a5 {[%emt 0:00:38]} Red8 {[%emt 0:01:44]} 27. Bd4 {[%emt 0:00:18]} Rxf3 {[%emt 0:00:23]} 28. gxf3 {[%emt 0:00:02]} Rxd4 {[%emt 0:00:08]} 29. cxd4 {[%emt 0:00:04]} c3 {[%emt 0:00:02]} 0-1

[Event "EYCC 2017"]
[Site "Mamaia"]
[Date "2017.09.11"]
[Round "6"]
[White "Aubert, Estee"]
[Black "Mkrtchyan, Mariam"]
[Result "1-0"]
[WhiteElo "1800"]
[BlackElo "1794"]
[Annotator "NA RC"]
[PlyCount "151"]
[EventDate "2017.??.??"]
[EventType "swiss"]
[EventCountry "ROU"]
[SourceTitle "playchess.com"]
[Source "ChessBase"]
[SourceQuality "1"]
[TimeControl "40/5400+30:1800+30"]

1. d4 {[%emt 0:00:00]} Nf6 {[%emt 0:00:34]} 2. Bf4 {[%emt 0:00:00]} e6 {[%emt 0:03:53]} 3. e3 {[%emt 0:00:10]} b6 {[%emt 0:01:55]} 4. Nf3 {[%emt 0:01:28]} Bb7 {[%emt 0:00:06]} 5. Bd3 {[%emt 0:00:58]} c5 {[%emt 0:03:45]} 6. c3 {[%emt 0:00:23]} Be7 {[%emt 0:01:25]} 7. h3 {[%emt 0:00:07]} Nc6 {[%emt 0:00:28]} 8. Nbd2 {[%emt 0:00:50]} d6 {[%emt 0:02:11]} 9. Qe2 {[%emt 0:01:58]} a6 {[%emt 0:06:42]} 10. O-O {[%emt 0:01:43]} O-O {[%emt 0:00:13]} 11. e4 {[%emt 0:01:50]} cxd4 {[%emt 0:13:01]} 12. cxd4 {[%emt 0:02:37]} Nb4 {[%emt 0:02:27]} 13. Bb1 {[%emt 0:00:47]} a5 {[%emt 0:02:50]} 14. Rc1 {[%emt 0:09:46]} Ba6 {[%emt 0:03:17]} 15. Qe3 {[%emt 0:00:12]} Rc8 {[%emt 0:01:03]} 16. Rxc8 {[%emt 0:03:47]} Qxc8 {[%emt 0:01:17]} 17. a3 {[%emt 0:29:33]} Nbd5 {[%emt 0:13:11]} 18. exd5 {[%emt 0:02:09]} Nxd5 {[%emt 0:00:05]} 19. Qb3 {[%emt 0:04:43]} Nxf4 {[%emt 0:01:13]} 20. Qxb6 {[%emt 0:02:13]} a4 {[%emt 0:11:52]} 21. Kh2 {[%emt 0:03:06]} f5 {[%emt 0:08:04]} 22. Ba2 {[%emt 0:02:21]} g5 {[%emt 0:15:46]} 23. Re1 {[%emt 0:04:08]} g4 {[%emt 0:03:39]} 24. g3 {[%emt 0:02:46]} gxf3 {[%emt 0:02:50]} 25. gxf4 {[%emt 0:00:04]} Rf6 {[%emt 0:00:15]} 26. Nxf3 {[%emt 0:01:22]} h6 {[%emt 0:00:34]} 27. Nh4 {[%emt 0:06:29]} Bc4 {[%emt 0:00:45]} 28. Rg1+ {[%emt 0:01:10]} Kh7 {[%emt 0:00:13]} 29. Qa7 {[%emt 0:01:35]} Rf7 {[%emt 0:00:01]} 30. Bxc4 {[%emt 0:00:31]} Qxc4 {[%emt 0:00:05]} 31. Qa8 {[%emt 0:00:06]} Rg7 {[%emt 0:00:54]} 32. Rxg7+ {[%emt 0:01:25]} Kxg7 {[%emt 0:00:01]} 33. Qg2+ {[%emt 0:00:30]} Kf7 {[%emt 0:00:28]} 34. Qg6+ {[%emt 0:00:06]} Kf8 {[%emt 0:00:09]} 35. Qxh6+ {[%emt 0:00:16]} Ke8 {[%emt 0:00:03]} 36. Qh8+ {[%emt 0:03:03]} Kd7 {[%emt 0:00:36]} 37. Qg7 {[%emt 0:02:30]} Qf1 {[%emt 0:01:33]} 38. Kg3 {[%emt 0:04:40]} Kd8 {[%emt 0:01:20]} 39. Qh8+ {[%emt 0:00:18]} Kd7 {[%emt 0:00:05]} 40. Nf3 {[%emt 0:00:00]} Qc1 {[%emt 0:00:54]} 41. Qb8 {[%emt 0:01:18]} Qc4 {[%emt 0:04:56]} 42. h4 {[%emt 0:02:01]} Bf6 {[%emt 0:00:30]} 43. Qb7+ {[%emt 0:00:15]} Ke8 {[%emt 0:00:34]} 44. Qb6 {[%emt 0:00:33]} Ke7 {[%emt 0:02:04]} 45. h5 {[%emt 0:00:25]} e5 {[%emt 0:03:40]} 46. Qb7+ {[%emt 0:00:06]} Ke6 {[%emt 0:01:41]} 47. Qb8 {[%emt 0:00:29]} exf4+ {[%emt 0:05:11]} 48. Kg2 {[%emt 0:03:23]} Ke7 {[%emt 0:01:29]} 49. Qa7+ {[%emt 0:00:04]} Kf8 {[%emt 0:00:35]} 50. Qb8+ {[%emt 0:01:54]} Ke7 {[%emt 0:00:20]} 51. h6 {[%emt 0:09:29]} Qf7 {[%emt 0:04:13]} 52. Qc7+ {[%emt 0:00:22]} Ke8 {[%emt 0:00:06]} 53. Qc8+ {[%emt 0:00:25]} Bd8 {[%emt 0:01:01]} 54. Nh4 {[%emt 0:05:15]} Qg8+ {[%emt 0:09:36]} 55. Kh2 {[%emt 0:00:07]} Qg4 {[%emt 0:01:08]} 56. Qe6+ {[%emt 0:00:03]} Be7 {[%emt 0:00:05]} 57. Qg6+ {[%emt 0:01:35]} Kd7 {[%emt 0:01:03]} 58. Qxf5+ {[%emt 0:00:38]} Qxf5 {[%emt 0:00:01]} 59. Nxf5 {[%emt 0:00:08]} Bf6 {[%emt 0:00:01]} 60. Kh3 {[%emt 0:01:10]} Ke6 {[%emt 0:00:38]} 61. Kg4 {[%emt 0:00:22]} f3 {[%emt 0:00:14]} 62. h7 {[%emt 0:00:25]} d5 {[%emt 0:01:54]} 63. Kf4 {[%emt 0:00:35]} Kf7 {[%emt 0:00:36]} 64. Ke3 {[%emt 0:01:35]} Kg6 {[%emt 0:00:17]} 65. Nd6 {[%emt 0:00:47]} Kxh7 {[%emt 0:00:24]} 66. Nb5 {[%emt 0:00:04]} Bg5+ {[%emt 0:00:39]} 67. Kxf3 {[%emt 0:00:38]} Bc1 {[%emt 0:00:13]} 68. Ke2 {[%emt 0:00:11]} Bxb2 {[%emt 0:00:38]} 69. Kd2 {[%emt 0:00:04]} Kg6 {[%emt 0:00:11]} 70. Kc2 {[%emt 0:00:20]} Ba1 {[%emt 0:00:02]} 71. Kb1 {[%emt 0:00:05]} Bxd4 {[%emt 0:00:01]} 72. Nxd4 Kg5 73. Kc2 {[%emt 0:00:37]} Kf4 {[%emt 0:00:05]} 74. Kd3 {[%emt 0:00:08]} Ke5 {[%emt 0:00:02]} 75. Ne2 {[%emt 0:00:44]} Kd6 {[%emt 0:00:04]} 76. Nc3 {[%emt 0:00:07]} 1-0

[Event "EYCC 2017"]
[Site "Mamaia"]
[Date "2017.09.11"]
[Round "6"]
[White "Sosnina, Nadezhda"]
[Black "Alekseenko, Mariya"]
[Result "0-1"]
[WhiteElo "1797"]
[BlackElo "1731"]
[Annotator "NA"]
[PlyCount "92"]
[EventDate "2017.??.??"]
[EventType "swiss"]
[EventCountry "ROU"]
[SourceTitle "playchess.com"]
[Source "ChessBase"]
[SourceQuality "1"]
[TimeControl "40/5400+30:1800+30"]

1. e4 {[%emt 0:00:00]} c5 {[%emt 0:00:06]} 2. Nf3 {[%emt 0:00:00]} e6 {[%emt 0:00:04]} 3. d4 {[%emt 0:00:00]} cxd4 {[%emt 0:00:05]} 4. Nxd4 {[%emt 0:00:00]} a6 {[%emt 0:00:05]} 5. Nc3 {[%emt 0:00:00]} Qc7 {[%emt 0:00:05]} 6. a3 {[%emt 0:00:01]} Nf6 {[%emt 0:00:09]} 7. f4 {[%emt 0:00:06]} d6 {[%emt 0:00:20]} 8. g4 {[%emt 0:00:05]} b5 {[%emt 0:00:38]} 9. g5 {[%emt 0:00:20]} Nfd7 {[%emt 0:00:10]} 10. Be3 {[%emt 0:01:53]} Bb7 {[%emt 0:00:09]} 11. h4 {[%emt 0:16:34]} Nb6 {[%emt 0:04:43]} 12. Qe2 {[%emt 0:10:12]} N8d7 {[%emt 0:02:18]} 13. h5 {[%emt 0:10:30]} Rc8 {[%emt 0:02:08]} 14. Bg2 {[%emt 0:01:56]} Nc4 {[%emt 0:00:57]} 15. O-O-O {[%emt 0:00:12]} Nxb2 {[%emt 0:18:34]} 16. Ncxb5 {[%emt 0:02:46]} axb5 {[%emt 0:00:06]} 17. Nxb5 {[%emt 0:00:10]} Qc4 {[%emt 0:00:04]} 18. Qxc4 {[%emt 0:09:46]} Nxc4 {[%emt 0:00:16]} 19. Bf2 {[%emt 0:00:38]} Ba6 {[%emt 0:04:29]} 20. a4 {[%emt 0:10:04]} Bxb5 {[%emt 0:03:15]} 21. axb5 {[%emt 0:03:57]} Ra8 {[%emt 0:00:04]} 22. Kb1 {[%emt 0:03:37]} Na3+ {[%emt 0:00:29]} 23. Kc1 {[%emt 0:00:38]} Nxb5 {[%emt 0:00:34]} 24. Kd2 {[%emt 0:00:21]} Be7 {[%emt 0:04:40]} 25. e5 {[%emt 0:01:23]} d5 {[%emt 0:02:46]} 26. c4 {[%emt 0:01:49]} Ra2+ {[%emt 0:00:14]} 27. Ke1 {[%emt 0:00:06]} Nc3 {[%emt 0:01:32]} 28. Rc1 {[%emt 0:00:32]} Ba3 {[%emt 0:02:55]} 29. Rxc3 {[%emt 0:04:23]} Bb4 {[%emt 0:00:19]} 30. Kf1 {[%emt 0:00:33]} Bxc3 {[%emt 0:01:16]} 31. cxd5 {[%emt 0:00:25]} Ra1+ {[%emt 0:00:50]} 32. Ke2 {[%emt 0:00:07]} Rxh1 {[%emt 0:01:06]} 33. Bxh1 {[%emt 0:00:05]} O-O {[%emt 0:05:08]} 34. d6 {[%emt 0:00:26]} Rd8 {[%emt 0:01:23]} 35. Bc6 {[%emt 0:00:27]} f6 {[%emt 0:01:23]} 36. Kd3 {[%emt 0:03:07]} Ba1 {[%emt 0:00:26]} 37. Bd4 {[%emt 0:01:40]} Bxd4 {[%emt 0:02:28]} 38. Kxd4 {[%emt 0:00:03]} fxe5+ {[%emt 0:01:10]} 39. fxe5 {[%emt 0:00:04]} Kf7 {[%emt 0:01:06]} 40. Ke4 {[%emt 0:00:00]} g6 {[%emt 0:02:39]} 41. h6 {[%emt 0:05:13]} Ke8 {[%emt 0:00:23]} 42. Bb5 {[%emt 0:02:21]} Rb8 {[%emt 0:00:56]} 43. Bc4 {[%emt 0:00:50]} Rb4 {[%emt 0:00:42]} 44. Kd4 {[%emt 0:00:33]} Nb6 {[%emt 0:00:59]} 45. Kc5 {[%emt 0:00:08]} Rxc4+ {[%emt 0:00:05]} 46. Kxb6 {[%emt 0:00:05]} Kd7 {[%emt 0:00:08]} 0-1

[Event "EYCC 2017"]
[Site "Mamaia"]
[Date "2017.09.11"]
[Round "6"]
[White "Strybuk, Artsiom I"]
[Black "Fiszer, Bartosz"]
[Result "1/2-1/2"]
[WhiteElo "1790"]
[BlackElo "2009"]
[Annotator "NA"]
[PlyCount "66"]
[EventDate "2017.??.??"]
[EventType "swiss"]
[EventCountry "ROU"]
[SourceTitle "playchess.com"]
[Source "ChessBase"]
[SourceQuality "1"]
[TimeControl "40/5400+30:1800+30"]

1. e4 {[%emt 0:00:00]} c5 {[%emt 0:00:16]} 2. Nf3 {[%emt 0:00:00]} Nc6 {[%emt 0:00:04]} 3. d4 {[%emt 0:00:00]} cxd4 {[%emt 0:00:04]} 4. Nxd4 {[%emt 0:00:11]} g6 {[%emt 0:00:13]} 5. Nc3 {[%emt 0:00:27]} Bg7 {[%emt 0:00:06]} 6. Be3 {[%emt 0:00:16]} Nf6 {[%emt 0:00:06]} 7. Bc4 {[%emt 0:00:29]} O-O {[%emt 0:00:09]} 8. Bb3 {[%emt 0:02:18]} e6 {[%emt 0:00:17]} 9. O-O {[%emt 0:00:56]} d5 {[%emt 0:00:13]} 10. exd5 {[%emt 0:00:57]} exd5 {[%emt 0:00:09]} 11. h3 {[%emt 0:06:06]} Be6 {[%emt 0:00:14]} 12. Nce2 {[%emt 0:06:05]} Na5 {[%emt 0:08:56]} 13. c3 {[%emt 0:07:27]} Rc8 {[%emt 0:34:56]} 14. Nf4 {[%emt 0:12:06]} Re8 {[%emt 0:09:53]} 15. Re1 {[%emt 0:05:41]} a6 {[%emt 0:06:51]} 16. Qf3 {[%emt 0:06:01]} Nxb3 17. axb3 {[%emt 0:09:21]} Qd7 {[%emt 0:09:40]} 18. b4 {[%emt 0:02:50]} Ne4 {[%emt 0:07:27]} 19. Rad1 {[%emt 0:00:30]} Qc7 20. Bc1 {[%emt 0:18:04]} Rcd8 {[%emt 0:06:02]} 21. Rd3 {[%emt 0:02:37]} a5 {[%emt 0:03:16]} 22. bxa5 {[%emt 0:00:30]} Qxa5 {[%emt 0:00:30]} 23. Red1 {[%emt 0:01:18]} Qa4 {[%emt 0:02:41]} 24. Be3 {[%emt 0:03:24]} Qa2 {[%emt 0:02:10]} 25. Qe2 {[%emt 0:02:49]} Nc5 {[%emt 0:01:40]} 26. R3d2 {[%emt 0:00:54]} Ne4 {[%emt 0:00:25]} 27. Rd3 {[%emt 0:00:24]} Nc5 {[%emt 0:00:53]} 28. R3d2 {[%emt 0:00:10]} Ne4 {[%emt 0:00:52]} 29. Rd3 {[%emt 0:00:18]} Be5 {[%emt 0:00:47]} 30. Bc1 {[%emt 0:06:00]} Bg7 {[%emt 0:01:10]} 31. Be3 {[%emt 0:00:10]} Be5 {[%emt 0:00:28]} 32. Bc1 {[%emt 0:01:00]} Bg7 {[%emt 0:00:44]} 33. Be3 {[%emt 0:00:08]} Be5 {[%emt 0:00:21]} 1/2-1/2

[Event "EYCC 2017"]
[Site "Mamaia"]
[Date "2017.09.11"]
[Round "6"]
[White "Dubovyk, Anastasiia"]
[Black "Can, Isil"]
[Result "1-0"]
[WhiteElo "1785"]
[BlackElo "1945"]
[Annotator "NA RC"]
[PlyCount "132"]
[EventDate "2017.??.??"]
[EventType "swiss"]
[EventCountry "ROU"]
[SourceTitle "playchess.com"]
[Source "ChessBase"]
[SourceQuality "1"]
[TimeControl "40/5400+30:1800+30"]

1. e4 {[%emt 0:00:00]} e5 {[%emt 0:00:06]} 2. Nf3 {[%emt 0:00:00]} Nc6 {[%emt 0:00:05]} 3. Bb5 {[%emt 0:00:00]} a6 {[%emt 0:00:05]} 4. Ba4 {[%emt 0:00:00]} Nf6 {[%emt 0:00:06]} 5. O-O {[%emt 0:00:03]} Be7 {[%emt 0:00:05]} 6. Re1 {[%emt 0:00:04]} b5 {[%emt 0:00:04]} 7. Bb3 {[%emt 0:00:05]} d6 {[%emt 0:00:04]} 8. c3 {[%emt 0:00:09]} O-O {[%emt 0:00:05]} 9. h3 {[%emt 0:00:02]} Na5 {[%emt 0:00:04]} 10. Bc2 {[%emt 0:00:07]} c5 {[%emt 0:00:03]} 11. d4 {[%emt 0:00:04]} Qc7 {[%emt 0:00:03]} 12. Nbd2 {[%emt 0:00:10]} cxd4 {[%emt 0:00:08]} 13. cxd4 {[%emt 0:00:07]} Bd7 {[%emt 0:00:02]} 14. Nf1 {[%emt 0:07:54]} Rac8 {[%emt 0:00:34]} 15. Bb1 {[%emt 0:05:21]} Nc6 {[%emt 0:02:46]} 16. Be3 {[%emt 0:20:09]} a5 {[%emt 0:09:16]} 17. Bd3 {[%emt 0:04:52]} Qb7 {[%emt 0:03:45]} 18. a3 {[%emt 0:07:13]} Bd8 {[%emt 0:06:57]} 19. d5 {[%emt 0:03:40]} Ne7 {[%emt 0:01:34]} 20. Ng3 {[%emt 0:02:06]} Ng6 {[%emt 0:02:46]} 21. Qd2 {[%emt 0:03:17]} Bb6 {[%emt 0:03:06]} 22. Bg5 {[%emt 0:05:16]} Ne8 {[%emt 0:00:53]} 23. h4 {[%emt 0:03:16]} f6 {[%emt 0:02:03]} 24. Be3 {[%emt 0:04:48]} Bxe3 {[%emt 0:01:59]} 25. Qxe3 {[%emt 0:07:36]} Nf4 {[%emt 0:01:55]} 26. Ne2 {[%emt 0:07:33]} Nxd3 {[%emt 0:01:39]} 27. Qxd3 {[%emt 0:00:09]} f5 {[%emt 0:05:58]} 28. Ng3 {[%emt 0:05:33]} f4 {[%emt 0:01:05]} 29. Nf1 {[%emt 0:01:42]} Nf6 {[%emt 0:01:59]} 30. Rac1 {[%emt 0:04:19]} Rxc1 {[%emt 0:06:32]} 31. Rxc1 {[%emt 0:00:04]} Rc8 {[%emt 0:00:04]} 32. Rc2 {[%emt 0:03:14]} b4 {[%emt 0:13:16]} 33. axb4 {[%emt 0:03:01]} axb4 {[%emt 0:00:05]} 34. N3d2 {[%emt 0:03:04]} Rxc2 {[%emt 0:05:00]} 35. Qxc2 {[%emt 0:00:06]} Qc8 {[%emt 0:00:02]} 36. Qxc8+ {[%emt 0:01:30]} Bxc8 {[%emt 0:00:01]} 37. f3 {[%emt 0:00:59]} Ba6 {[%emt 0:00:18]} 38. Nb3 {[%emt 0:00:38]} Nd7 {[%emt 0:02:48]} 39. Nfd2 {[%emt 0:00:37]} Kf7 {[%emt 0:01:47]} 40. Na5 {[%emt 0:00:00]} Nc5 {[%emt 0:00:30]} 41. Ndc4 {[%emt 0:09:44]} Ke7 {[%emt 0:06:08]} 42. Nc6+ {[%emt 0:02:41]} Kd7 {[%emt 0:00:08]} 43. Nd2 {[%emt 0:01:57]} Bb5 {[%emt 0:03:40]} 44. Nxb4 {[%emt 0:00:24]} Nd3 {[%emt 0:01:59]} 45. Nxd3 Bxd3 46. Kf2 {[%emt 0:07:49]} h6 {[%emt 0:00:19]} 47. g3 {[%emt 0:02:22]} g5 {[%emt 0:00:09]} 48. hxg5 {[%emt 0:01:53]} hxg5 {[%emt 0:00:05]} 49. gxf4 {[%emt 0:00:13]} gxf4 {[%emt 0:00:10]} 50. Kg2 {[%emt 0:05:05]} Kc7 {[%emt 0:00:39]} 51. Kh3 {[%emt 0:02:01]} Kb6 {[%emt 0:00:01]} 52. Kg4 {[%emt 0:00:26]} Kc5 {[%emt 0:00:00]} 53. Nb3+ {[%emt 0:01:35]} Kb4 {[%emt 0:00:00]} 54. Nc1 {[%emt 0:01:03]} Bf1 {[%emt 0:00:01]} 55. Kf5 {[%emt 0:00:42]} Bh3+ {[%emt 0:00:21]} 56. Kf6 {[%emt 0:00:23]} Bg2 {[%emt 0:00:51]} 57. Nd3+ {[%emt 0:00:36]} Kb3 {[%emt 0:01:18]} 58. Ne1 {[%emt 0:00:38]} Bh3 {[%emt 0:00:00]} 59. Ke7 {[%emt 0:00:17]} Kxb2 {[%emt 0:00:04]} 60. Kxd6 Kc3 61. Kxe5 {[%emt 0:01:13]} Kd2 {[%emt 0:00:02]} 62. Kxf4 {[%emt 0:00:28]} Kxe1 {[%emt 0:00:01]} 63. Ke3 {[%emt 0:00:35]} Kd1 {[%emt 0:00:17]} 64. f4 {[%emt 0:00:17]} Kc2 {[%emt 0:00:01]} 65. f5 {[%emt 0:00:20]} Bg4 {[%emt 0:00:23]} 66. d6 {[%emt 0:00:20]} Kc1 {[%emt 0:00:43]} 1-0